LEADER 01206nam a2200217 i 4500 001 000000030828 003 CaOOAMICUS 005 20180830125449.0 008 180830s1760 it u000 u ita u 040 $aSeMil$bita 245 10$aUniversa moralis theologia, qua non solum principia speculativa sed etiam regulae practicae ad usum confessariorum explicantur. Authore Constantino Roncaglia ... Tomus 1. [-2.]. 260 $aVenetiis :$bTypis Francisci Pitteri,$c1760. 300 $a2 v. ;$cfol. 500 $aCors. ; rom. - Iniz., testatine xilogr. - Testo su due colonne. - Legati insieme i 2 vol. 650 4$aTeologia morale - Manuali.$0(OLS)http://semarc/subject/610 700 1 $aPitteri, Francesco,$c.$0(OLS)http://semarc/name/2852 700 1 $aRoncaglia, Costantino,$d<1677-1737>.$0(OLS)http://semarc/name/7562 774 0 $tTomus 1.$g1$w()51722 774 0 $tTomus 2.$g2$w()235045 996 $6245$aUniversa moralis theologia, qua non solum principia speculativa sed etiam regulae practicae ad usum confessariorum explicantur. Authore Constantino Roncaglia ... Tomus 1. [-2.]$9(OLS)http://semarc/title/41955 996 $6260$aVenetiis :$bTypis Francisci Pitteri$9(OLS)http://semarc/publisher/37528 LEADER 01008nas a2200265 i 4500 001 000000112905 003 CaOOAMICUS 005 20060131000000.0 008 050208b2005 it uu u0 0ita r 013 $a85589 040 $aSeMil$bita 245 10$aCantet vox, cantet vita. 260 $aRoma :$bAISC,$cstampa 2005. 300 $a80 p. :$bnotazione musicale ;$c30 cm. 500 $aTitolo dalla copertina. 774 0 $aDonella, Valentino$tMessa Petrina.$w()259808 774 0 $tCanti Eucaristici.$w()260338 774 0 $tCanti per la Messa nel Tempo Ordinario.$w()261447 774 0 $tCanti per il Rito del Matrimonio.$w()262928 774 0 $tCanti per il Tempo di Natale.$w()262929 850 $aSeMil 852 $aSeMil$W1$xVenegono$y1$m189 4 33/A$j68622$B68622$CSeMilBibl$Z2$F108528 $85 961 $aAbbonamento: AISC - Ass. Italiana Santa Cecilia 996 $6245$aCantet vox, cantet vita$9(OLS)http://semarc/title/3319 996 $6260$aRoma :$bAISC$9(OLS)http://semarc/publisher/45280